Organización de obras (Registro nro. 141210)

Detalles MARC
000 -LEADER
campo de control de longitud fija 00445nam a2200145 i 4500
001 - NÚMERO DE CONTROL
campo de control 141210
003 - IDENTIFICADOR DE NÚMERO DE CONTROL
campo de control ES-MaACL
007 - CAMPO FIJO DE DESCRIPCIÓN FÍSICA--INFORMACIÓN GENERAL
campo de control de longitud fija t|
008 - DATOS DE LONGITUD FIJA--INFORMACIÓN GENERAL
campo de control de longitud fija 070920s1949 sp ||||1| spa d
100 1# - ENTRADA PRINCIPAL--NOMBRE DE PERSONA
Nombre de persona Vivanco Bergamín, Ignacio.
9 (RLIN) 115543
245 10 - MENCIÓN DEL TÍTULO
Título Organización de obras
Resto del título : proyecto, preparación... /
Mención de responsabilidad, etc. Ignacio Vivanco Bergamín.
260 ## - PUBLICACIÓN, DISTRIBUCIÓN, ETC.
Lugar de publicación, distribución, etc. Madrid :
Nombre del editor, distribuidor, etc. Dossat,
Fecha de publicación, distribución, etc. 1949.
300 ## - DESCRIPCIÓN FÍSICA
Extensión 459 p., 1 lám. ;
Dimensiones 28 cm.
852 ## - LOCALIZACIÓN
Ubicación ES-MaACL
Número de control de estantería B-787
Sublocalización o colección R.28738
Existencias
Estatus retirado Estado de pérdida Estado de daño No para préstamo Biblioteca de origen Biblioteca actual Ubicación en estantería Fecha de adquisición Fuente de adquisición Total de préstamos Signatura topográfica completa Código de barras Visto por última vez Precio de reemplazo Tipo de ítem Koha
        Biblioteca del Ateneo de Madrid Biblioteca del Ateneo de Madrid Sala Pardo Bazán 17/01/2008     B-787 1146933 23/02/2023 23/02/2023 Libro impreso